书目信息 |
| 题名: |
房地产法
|
|
| 作者: | 陈耀东 主编 | |
| 分册: | ||
| 出版信息: | 上海 复旦大学出版社 2006 |
|
| 页数: | 365页 | |
| 开本: | 23cm | |
| 丛书名: | ||
| 单 册: | ||
| 中图分类: | D922.181.4 | |
| 科图分类: | ||
| 主题词: | 房地产--法律--研究--中国 , 房地产 , 法律 | |
| 电子资源: | ||
| ISBN: | 7-309-05134-3 | |
| 000 | 01158nam0 2200265 450 | |
| 001 | 012007527253 | |
| 005 | 20070530093252.51 | |
| 010 | @a7-309-05134-3@dCNY35.00 | |
| 100 | @a20070517d2006 km y0chiy0120 ea | |
| 101 | 0 | @achi |
| 102 | @aCN@b310000 | |
| 105 | @ay z 000yy | |
| 106 | @ar | |
| 200 | 1 | @a房地产法@Afang di chan fa@f陈耀东主编@Fchen yao dong zhu bian |
| 210 | @a上海@c复旦大学出版社@d2006 | |
| 215 | @a365页@d23cm | |
| 300 | @a复旦博学·21世纪工程管理系列 | |
| 330 | @a本书将房地产法主要定位于民商法领域,故主要运用民商法的理论解读、阐述房地产中的法律问题。本书体例新颖,内容全面、系统,共分两篇。第一篇房地产法总论,概述了房地产法的基本法律问题,详细梳理并论述了各种房地产财产权利,对我国的房地产登记制度进行了深入研究;第二篇房地产法分论,分别阐述了房地产开发用地、房地产开发建设、房地产交易、房地产中介服务、物业管理、房地产社会保障等法律制度。最后,论述了房地产纠纷及解决房地产纠纷的多元化法律救济途径。 | |
| 606 | 0 | @a房地产@x法律@x研究@y中国 |
| 606 | 0 | @a房地产 |
| 606 | 0 | @a法律 |
| 690 | @aD922.181.4@v4 | |
| 701 | 0 | @a陈耀东@Achen yao dong@f(1967~)@4主编 |
| 801 | 0 | @aCN@bRULIN@c20070530 |
| 905 | @dD922.181.4@e640@s5 | |
| 房地产法/陈耀东主编.-上海:复旦大学出版社,2006 |
| 365页;23cm |
| 复旦博学·21世纪工程管理系列 |
| ISBN 7-309-05134-3:CNY35.00 |
| 本书将房地产法主要定位于民商法领域,故主要运用民商法的理论解读、阐述房地产中的法律问题。本书体例新颖,内容全面、系统,共分两篇。第一篇房地产法总论,概述了房地产法的基本法律问题,详细梳理并论述了各种房地产财产权利,对我国的房地产登记制度进行了深入研究;第二篇房地产法分论,分别阐述了房地产开发用地、房地产开发建设、房地产交易、房地产中介服务、物业管理、房地产社会保障等法律制度。最后,论述了房地产纠纷及解决房地产纠纷的多元化法律救济途径。 |
| ● |
| 相关链接 |
|
|
|
|
正题名:房地产法
索取号:D922.181.4/640
 
预约/预借
| 序号 | 登录号 | 条形码 | 馆藏地/架位号 | 状态 | 备注 |
| 1 | 0580844 | 205808447 | 第一样本阅览室/ [索取号:D922.181.4/640] | 在馆 | |
| 2 | 0580845 | 205808456 | 第一借阅区/ [索取号:D922.181.4/640] | 在馆 | |
| 3 | 0580846 | 205808465 | 第一借阅区/ [索取号:D922.181.4/640] | 在馆 | |
| 4 | 0580847 | 205808474 | 第一借阅区/ [索取号:D922.181.4/640] | 在馆 | |
| 5 | 0580848 | 205808483 | 第一借阅区/ [索取号:D922.181.4/640] | 在馆 |